000 01434cac a2200397 i 4500
003 EG-GICUC
005 20260121101542.0
008 010122s2001 enk frb 001 0 eng d
020 _a0333745477
020 _a9780333745472
040 _aDLC
_cDLC
_dDLC
_dEG-GICUC
_beng
_erda
043 _ae-uk---
050 0 0 _aHV6947
_b.B57 2001
082 0 0 _a343.113042
_221
092 0 4 _221
099 _aLaw 10 2001
100 1 _aBiressi, Anita,
_d1965-
245 1 0 _aCrime, fear, and the law in true crime stories /
_cAnita Biressi.
264 _aHoundmills, Basingstoke, Hampshire ;
_aNew York, N.Y. :
_bPalgrave,
_c2001.
300 _axii, 238 page ;
_c23 cm.
336 _atext
_btxt
_2rdacontent
337 _aunmediated
_bn
_2rdamedia
338 _avolume
_bnc
_2rdacarrier
440 0 _aCrime files series
504 _aIncludes bibliographical references (p. 213-234) and index.
650 0 _aCrime in popular culture
_zGreat Britain.
650 0 _aCrime in mass media.
650 0 _aCrime in literature.
650 0 _aCrime writing
_xSocial aspects.
650 0 _aFear of crime
_zGreat Britain.
856 4 2 _uhttps://fll.law.cu.edu.eg/fulltext/bks/1qENGB10-00098.pdf
856 4 2 _3Contributor biographical information
_uhttp://www.loc.gov/catdir/bios/hol058/2001021869.html
856 4 2 _3Publisher description
_uhttp://www.loc.gov/catdir/description/hol051/2001021869.html
905 _a10
942 _2ddc
_cBK
_e21
_n0
999 _c52811
_d52811